Statistiken für Antworten mit gleichem Anfangs- und Endbuchstaben: E

Klicken Sie hier um das Quiz zu spielen!

Allgemein

  • Dieses Quiz wurde 210 mal gespielt
  • Das Durchschnittsergebnis liegt bei 21 aus 35

Antwortstatistiken

HinweisAntwort% Korrekt
unbestimmter Artikeleine
96%
SchlussEnde
96%
PlanetErde
96%
Schulfach, das sich mit Geographie beschäftigtErdkunde
93%
Fluss durch HamburgElbe
92%
Unterarmknochen; altes LängenmaßElle
92%
StockwerkEtage
90%
Bund fürs LebenEhe
89%
HinterlassenschaftErbe
89%
HastEile
84%
mehrereeinige/etliche
78%
sehr kurzlebiges Insekt; auch etwas abfällige Bezeichnung für Personen, die nur für kurze Zeit erfolgreich und berühmt sindEintagsfliege
76%
Hülsenfrucht (5 Buchstaben)Erbse
76%
Teilstrecke; im Sport: Abschnitt eines mehrteiligen RennensEtappe
75%
Fläche; Flachland; SchichtEbene
72%
Merkhilfe (11 Buchstaben; ebenfalls mit einem "tierischen" Bestandteil)Eselsbrücke
72%
Angehöriger eines Staates, der einst zur Sowjetunion gehörteEste
64%
Spezialist, FachmannExperte
64%
Vier davon befinden sich am Rand eines FußballfeldesEckfahne
61%
Landwirtschaftsgerät (4 Buchstaben)Egge
58%
Hochstimmung, Überschwänglichkeit, BegeisterungEuphorie
58%
Nadelbaum (wis. Name: Taxus)Eibe
54%
großes Gewässer in Nordamerika (7 Buchstaben)Eriesee
52%
Ära, ZeitabschnittEpoche
50%
Lesotho ist eine ... in SüdafrikaEnklave
48%
Possessivpronomen (besitzanzeigendes Fürwort)eure
45%
z. B. Omelette, Pfannkuchen, Kaiserschmarrn (10 Buchstaben)Eierspeise
39%
Die Darmspiegelung ist eine Form davon (10 Buchstaben)Endoskopie
36%
SchweizerEidgenosse
34%
veraltetes oder auch poetisches Wort für AmeiseEmse
25%
Wissenschaft von der Herkunft und Entwicklung von WörternEtymologie
17%
In dieser Stadt in Oregon fand die Leichtathletik-WM 2022 stattEugene
15%
Musik, anhand derer man eine zugehörige TV-, Radio- oder Internetsendung bzw. eine Publikation anderer Art identifizieren kann (17 Buchstaben)Erkennungsmelodie
10%
theologischer Begriff: die Lehre von den "letzten Dingen"Eschatologie
3%
Wissenschaftslehre, Gebiet der Philosophie, das sich mit dem Zustandekommen und dem Geltungsbereich von Wissen und Überzeugungen befasstErkenntnistheorie/
Epistemologie
1%

Verteilung der Resultate

Perzentil nach korrekt beantworteten Fragen

Anzahl Personen mit jedem Resultat

Ihre Resultats-Entwicklung

Sie haben dieses Quiz noch nicht gespielt